000
00284nam a22001097a 4500
040
_c
Nust
082
_a
297.6
_b
ANW'A
245
_a
انوار انبیاء
260
_a
Hyderabad:
_b
Sheikh Ghulam Ali ans Sons,
_c
1995.
650
_a
انوار انبیاء
_9
126022
942
_2
ddc
_c
BK
999
_c
612461
_d
612461